• 首页
  • 本馆介绍
  • 公告通知
  • 最新文献
  • 馆藏检索
  • 电子资源
  • 读者导购
  • 参考咨询
  • 我的图书馆
  • 登录
  • 详细信息显示
  • 放入我的书架
  • 预约/预借图书
  • 作者相关作品
  • 分类相关作品
  • 丛书相关作品
  • 出版社相关作品

书目信息

  • 表格格式
  • 工作单格式
  • 卡片格式
题名:
理解空间
    
 
作者: 冯雷 著
分册:  
出版信息: 北京   中央编译出版社  2017
页数: 18,195页
开本: 23cm
丛书名:
单 册:
中图分类: B016.9
科图分类:
主题词: 时空观--研究
电子资源:
ISBN: 978-7-5117-3139-5
000 00928nam0 2200229 450
001 277
005 20180520203645.02
010    @a978-7-5117-3139-5@dCNY48.00
100    @a20170328d2017 em y0chiy50 ea
101 0  @achi
102    @aCN@b110000
105    @aa z 000yy
200 1  @a理解空间@9li jie kong jian@e20世纪空间观念的激变@dUnderstanding space@etransitions of spatial concepts in the 20th@f冯雷著@zeng
210    @a北京@c中央编译出版社@d2017
215    @a18,195页@c图@d23cm
330    @a本书围绕着如何理解现代空间变化这一主题展开,分析了现代空间观念的变化及其意义;探讨了以人类行为为参照系建立空间解释框架的可能性;并对当代社会空间批判理论存在的主要错误或不足进行了评论。
510 1  @aUnderstanding space@etransitions of spatial concepts in the 20th@zeng
606 0  @a时空观@x研究
690    @aB016.9@v5
701  0 @a冯雷@9feng lei@f(1960-)@4著
801  0 @aCN@b91MARC@c20170328
905    @aMuseLib@dB016.9@e296
    
    理解空间:20世纪空间观念的激变=Understanding space:transitions of spatial concepts in the 20th/冯雷著.-北京:中央编译出版社,2017
    18,195页:图;23cm
    
    
    ISBN 978-7-5117-3139-5:CNY48.00
    本书围绕着如何理解现代空间变化这一主题展开,分析了现代空间观念的变化及其意义;探讨了以人类行为为参照系建立空间解释框架的可能性;并对当代社会空间批判理论存在的主要错误或不足进行了评论。
●
相关链接 在E读中查询图书 在五车中查询图书 在当当中查询图书 在豆瓣中查询图书


正题名:理解空间     索取号:B016.9/296         预约/预借

序号 登录号 条形码 馆藏地/架位号 状态 备注
1 1101600   211016005   第一样本阅览室/ [索取号:B016.9/296] 在馆    
2 1101601   211016014   教育系资料室/ [索取号:B016.9/296] 在馆    
3 1101602   211016023   教育系资料室/ [索取号:B016.9/296] 在馆    
4 1101603   211016032   教育系资料室/ [索取号:B016.9/296] 在馆    
5 1101604   211016041   第一借阅区/ [索取号:B016.9/296] 在馆    
6 1101605   211016050   第一借阅区/ [索取号:B016.9/296] 在馆    
唐山师范学院图书馆 欢迎您!
大连网信软件有限公司© 版权所有